00509 2200169 4500001002100000008004100021035002000062245009900082100002500181260003200206300002900238020002200267084001400289082000800303650001000311990001800321INLIS000000000000100 ind  a0010-0724000100 aKisah - Kisah Horor Di Lantai 13bDan Cerita - cerita Super Horor lainnyacJenar Respati Putra aPutra, Jenar Respati aYogyakarta :bAraska,c2016 a204 hlm.c13 x 19, 5 cm. a978-602-300-326-6 a813 JEN k a813 aFiksi aP29/CP/24/100